[Event "4NCL Division 1d"]
[Site "Telford, ENG"]
[Date "2017.05.01"]
[Round "11.51"]
[White "Gormally, Daniel W"]
[Black "Sanders, Isaac B"]
[Result "1/2-1/2"]
[WhiteElo "2465"]
[BlackElo "2341"]
[PlyCount "81"]
[EventDate "2017.05.01"]
[WhiteTeam "Blackthorne Russia"]
[BlackTeam "Barbican 4NCL 2"]

1. e4 b6 2. d4 Bb7 3. Bd3 e6 4. Nf3 Nf6 5. Qe2 d5 6. e5 Nfd7 7. Ng5 g6 8. h4
Bg7 9. h5 Qe7 10. hxg6 hxg6 11. Rxh8+ Bxh8 12. Qg4 Qb4+ 13. Kd1 Nf8 14. c3 Qe7
15. Qh3 Bg7 16. Nh7 Nxh7 17. Qxh7 Bf8 18. Nd2 Ba6 19. Bxa6 Nxa6 20. Nf3 c5 21.
Ke1 cxd4 22. cxd4 Nb4 23. Kf1 Qc7 24. Bh6 Bxh6 25. Qxh6 Qe7 26. Rc1 Kd7 27. a3
Nc6 28. Qf4 Rc8 29. Rc3 Nd8 30. Qc1 Rxc3 31. bxc3 Kc7 32. a4 Qd7 33. Qa3 a5 34.
Ke2 Qc6 35. Kd2 Qc4 36. Qd6+ Kc8 37. Qxb6 Qxa4 38. Qc5+ Kb7 39. Qe7+ Kc8 40.
Qc5+ Kb7 41. Qe7+ 1/2-1/2

[Event "4NCL Division 1d"]
[Site "Telford, ENG"]
[Date "2017.05.01"]
[Round "11.52"]
[White "Sowray, Peter J"]
[Black "Ledger, Andrew J"]
[Result "1/2-1/2"]
[WhiteElo "2301"]
[BlackElo "2371"]
[PlyCount "30"]
[EventDate "2017.05.01"]
[WhiteTeam "Barbican 4NCL 2"]
[BlackTeam "Blackthorne Russia"]

1. d4 Nf6 2. c4 e6 3. Nc3 Bb4 4. e3 O-O 5. Nge2 d5 6. a3 Bd6 7. Ng3 c5 8. dxc5
Bxc5 9. b4 Be7 10. cxd5 exd5 11. Bb2 Nc6 12. Nb5 a5 13. bxa5 Rxa5 14. Bc3 Ra8
15. Bd3 g6 1/2-1/2

[Event "4NCL Division 1d"]
[Site "Telford, ENG"]
[Date "2017.05.01"]
[Round "11.53"]
[White "Ansell, Simon T"]
[Black "Jackson, James P"]
[Result "0-1"]
[WhiteElo "2355"]
[BlackElo "2269"]
[PlyCount "92"]
[EventDate "2017.05.01"]
[WhiteTeam "Blackthorne Russia"]
[BlackTeam "Barbican 4NCL 2"]

1. e4 c5 2. d3 Nc6 3. f4 g6 4. Nf3 Bg7 5. Be2 Nf6 6. O-O O-O 7. Qe1 d5 8. e5
Ne8 9. c3 d4 10. Na3 Nc7 11. Nc2 f6 12. cxd4 cxd4 13. Nb4 Bd7 14. Bd1 a5 15.
Bb3+ Kh8 16. Nxc6 Bxc6 17. f5 gxf5 18. exf6 exf6 19. Nh4 Qe8 20. Qg3 a4 21. Bc4
Nd5 22. Nxf5 Rg8 23. Qf2 Bf8 24. a3 Rg6 25. Nh4 Rg8 26. Bd2 Qh5 27. Rae1 Rg4
28. Re4 Ne3 29. Rxg4 Qxg4 30. Rc1 Bg7 31. h3 Qh5 32. Ba2 Re8 33. Nf3 f5 34. Qg3
f4 35. Qxf4 Rf8 36. Qg3 Bxf3 37. gxf3 Be5 38. Rc5 Bxg3 39. Rxh5 Rxf3 40. Bxe3
dxe3 41. Rg5 Rf8 42. Rxg3 e2 43. Re3 Rf1+ 44. Kg2 e1=Q 45. Rxe1 Rxe1 46. Kf3 b5
0-1

[Event "4NCL Division 1d"]
[Site "Telford, ENG"]
[Date "2017.05.01"]
[Round "11.54"]
[White "O'Toole, George E"]
[Black "Bates, Richard A"]
[Result "1/2-1/2"]
[WhiteElo "2268"]
[BlackElo "2369"]
[PlyCount "52"]
[EventDate "2017.05.01"]
[WhiteTeam "Barbican 4NCL 2"]
[BlackTeam "Blackthorne Russia"]

1. e4 c5 2. c3 d6 3. d4 Nf6 4. Bd3 Nc6 5. Nf3 e5 6. dxc5 dxc5 7. O-O Be7 8. Na3
Bg4 9. h3 Bh5 10. Bg5 Nd7 11. Bxe7 Qxe7 12. Bb5 O-O 13. Nc4 Nb6 14. Ne3 Rad8
15. Qe2 Qf6 16. Bxc6 Qxc6 17. Nf5 Qc7 18. g4 Bg6 19. N3h4 c4 20. Rfd1 f6 21.
Nxg6 hxg6 22. Ne3 Qc6 23. f3 a5 24. Kf2 a4 25. Rxd8 Rxd8 26. Rd1 Rxd1 1/2-1/2

[Event "4NCL Division 1d"]
[Site "Telford, ENG"]
[Date "2017.05.01"]
[Round "11.57"]
[White "Ledger, Stephen C"]
[Black "Harari, Zaki"]
[Result "1/2-1/2"]
[WhiteElo "2132"]
[BlackElo "2080"]
[PlyCount "129"]
[EventDate "2017.05.01"]
[WhiteTeam "Blackthorne Russia"]
[BlackTeam "Barbican 4NCL 2"]

1. d4 d5 2. Nf3 e6 3. Bf4 Bd6 4. Bg3 Nf6 5. e3 b6 6. Nbd2 Bb7 7. c3 Bxg3 8.
hxg3 Nbd7 9. Qc2 Qe7 10. Ne5 h6 11. Be2 Nxe5 12. dxe5 Nd7 13. f4 O-O-O 14.
O-O-O Kb8 15. Bf3 a5 16. e4 Nc5 17. exd5 Bxd5 18. Nb3 Nxb3+ 19. axb3 Bxf3 20.
gxf3 Qc5 21. Qe2 Rd5 22. Rxd5 Qxd5 23. c4 Qc5 24. Rd1 h5 25. Kb1 Qc6 26. Qe4
Qxe4+ 27. fxe4 g6 28. Kc2 h4 29. Rh1 h3 30. Rh2 Kb7 31. Kc3 Kc6 32. b4 Kb7 33.
Kb3 axb4 34. Kxb4 Ka6 35. b3 c6 36. Ra2+ Kb7 37. Rh2 c5+ 38. Kc3 Kc6 39. b4
cxb4+ 40. Kxb4 Rh5 41. Kb3 Kc5 42. Kc3 Rh8 43. Kd3 Rd8+ 44. Kc3 Rd4 45. Rxh3
Rxc4+ 46. Kd3 Rd4+ 47. Ke3 Rd7 48. f5 b5 49. Kf4 gxf5 50. exf5 b4 51. g4 Rb7
52. Kg5 exf5 53. Kxf5 b3 54. Rh1 b2 55. Rb1 Rb3 56. e6 fxe6+ 57. Ke5 Kc4 58. g5
Kc3 59. g6 Kc2 60. Rxb2+ Rxb2 61. Kxe6 Kd3 62. g7 Rb6+ 63. Kf7 Rb7+ 64. Kf8
Rxg7 65. Kxg7 1/2-1/2

[Event "4NCL Division 1d"]
[Site "Telford, ENG"]
[Date "2017.05.01"]
[Round "11.58"]
[White "Regan, Natasha K"]
[Black "Atkins, Rita"]
[Result "1/2-1/2"]
[WhiteElo "1998"]
[BlackElo "2101"]
[PlyCount "56"]
[EventDate "2017.05.01"]
[WhiteTeam "Barbican 4NCL 2"]
[BlackTeam "Blackthorne Russia"]

1. d4 d6 2. e4 Nf6 3. Nc3 c6 4. Be2 Nbd7 5. f4 Qa5 6. Qd3 e5 7. Nf3 Be7 8. Bd2
Qc7 9. fxe5 dxe5 10. Nxe5 Nxe5 11. dxe5 Qxe5 12. O-O Ng4 13. Bxg4 Bxg4 14. Bf4
Qe6 15. Rae1 O-O 16. Qg3 Bh5 17. Bg5 f6 18. Bh6 Bg6 19. Bf4 Rae8 20. h4 Bc5+
21. Be3 Bd6 22. Bf4 Bb4 23. Bd2 Rd8 24. Rf2 Rfe8 25. a3 Bc5 26. Be3 Bd6 27. Bf4
Bc5 28. Be3 Bd6 1/2-1/2

[Event "4NCL Division 1d"]
[Site "Telford, ENG"]
[Date "2017.05.01"]
[Round "11.61"]
[White "Hoffmann, Hendrik"]
[Black "Asenov, Pavel"]
[Result "1/2-1/2"]
[WhiteElo "2317"]
[BlackElo "2335"]
[PlyCount "47"]
[EventDate "2017.05.01"]
[WhiteTeam "Celtic Tigers "]
[BlackTeam "Oxford 1"]

1. e4 e5 2. Nf3 Nc6 3. Bc4 Nf6 4. O-O Nxe4 5. d3 Nf6 6. Re1 Be7 7. Nxe5 Nxe5 8.
Rxe5 d5 9. Bb3 O-O 10. Bg5 c6 11. Nd2 Qc7 12. Qe2 Be6 13. d4 Rae8 14. h3 Bd6
15. Re3 c5 16. c3 Qb6 17. Bxf6 gxf6 18. Qh5 cxd4 19. Bc2 f5 20. Qg5+ Kh8 21.
Qf6+ Kg8 22. Qg5+ Kh8 23. Qf6+ Kg8 24. Qg5+ 1/2-1/2

[Event "4NCL Division 1d"]
[Site "Telford, ENG"]
[Date "2017.05.01"]
[Round "11.62"]
[White "Zakarian, David"]
[Black "Maciol, Ryszard"]
[Result "1-0"]
[WhiteElo "2365"]
[BlackElo "2139"]
[PlyCount "115"]
[EventDate "2017.05.01"]
[WhiteTeam "Oxford 1"]
[BlackTeam "Celtic Tigers "]

1. e4 e6 2. Qe2 d5 3. exd5 Qxd5 4. Nc3 Qd8 5. g3 Bd7 6. Bg2 Bc6 7. Nf3 Nf6 8.
O-O Be7 9. d4 O-O 10. Bf4 Nbd7 11. Nb5 Nd5 12. Bd2 a6 13. Nc3 Nxc3 14. bxc3 Nb6
15. c4 Bxf3 16. Bxf3 Qxd4 17. Bxb7 Rad8 18. Bf4 Qxc4 19. Qxc4 Nxc4 20. Bxa6 e5
21. Bxc4 exf4 22. a4 Rd4 23. Bd3 Bf6 24. Ra2 g5 25. a5 Ra8 26. a6 Rb4 27. Kg2
Kg7 28. gxf4 Rxf4 29. Re1 Bd4 30. f3 h5 31. Re4 Rxe4 32. Bxe4 Ra7 33. Bb7 Be5
34. Ra5 f6 35. Rd5 Kg6 36. h3 Kf5 37. Rd8 Kf4 38. Rh8 h4 39. Rd8 Bd6 40. Re8
Be5 41. Re6 Ke3 42. Rc6 Kd4 43. Kf2 Bd6 44. Ke2 f5 45. c3+ Ke5 46. Rc4 Kf6 47.
Kd3 Ke5 48. Ra4 Kf6 49. Rc4 Ke5 50. Kc2 Ke6 51. Kb3 Kd7 52. Ka4 Be5 53. Kb5 Bf6
54. Rc6 Be5 55. Rg6 g4 56. fxg4 fxg4 57. Rxg4 Bg3 58. Rd4+ 1-0

[Event "4NCL Division 1d"]
[Site "Telford, ENG"]
[Date "2017.05.01"]
[Round "11.63"]
[White "Pedersen, Carsten"]
[Black "Hansen, Hans-Peter"]
[Result "1/2-1/2"]
[WhiteElo "2153"]
[BlackElo "2270"]
[PlyCount "28"]
[EventDate "2017.05.01"]
[WhiteTeam "Celtic Tigers "]
[BlackTeam "Oxford 1"]

1. e4 c5 2. Nc3 Nc6 3. g3 g6 4. Bg2 Bg7 5. d3 d6 6. f4 e6 7. Nf3 Nge7 8. O-O
O-O 9. Be3 Nd4 10. e5 Bd7 11. Ne4 Nef5 12. Bf2 Nxf3+ 13. Qxf3 Bc6 14. c3 Rc8
1/2-1/2

[Event "4NCL Division 1d"]
[Site "Telford, ENG"]
[Date "2017.05.01"]
[Round "11.66"]
[White "Truran, Michael C"]
[Black "Stevenson, James"]
[Result "1/2-1/2"]
[WhiteElo "2194"]
[BlackElo "2057"]
[PlyCount "49"]
[EventDate "2017.05.01"]
[WhiteTeam "Oxford 1"]
[BlackTeam "Celtic Tigers "]

1. d4 Nf6 2. c4 g6 3. Nc3 d5 4. cxd5 Nxd5 5. e4 Nxc3 6. bxc3 Bg7 7. Be3 O-O 8.
Nf3 c5 9. Rc1 Bg4 10. Qd2 Qa5 11. d5 Nd7 12. c4 Qc7 13. Ng5 Nb6 14. h3 Bd7 15.
f4 Na4 16. Bd3 a6 17. O-O b5 18. Rfe1 b4 19. e5 Nc3 20. Qf2 Rac8 21. e6 fxe6
22. dxe6 Be8 23. Ne4 Nxe4 24. Bxe4 Bc6 25. Qf3 1/2-1/2

[Event "4NCL Division 1d"]
[Site "Telford, ENG"]
[Date "2017.05.01"]
[Round "11.67"]
[White "Larter, Nick J"]
[Black "Rawlinson, Aidan M"]
[Result "0-1"]
[WhiteElo "1815"]
[BlackElo "2188"]
[PlyCount "144"]
[EventDate "2017.05.01"]
[WhiteTeam "Celtic Tigers "]
[BlackTeam "Oxford 1"]

1. e4 g6 2. c4 Bg7 3. Nc3 d6 4. g3 Nf6 5. Bg2 O-O 6. Nge2 c5 7. O-O Nc6 8. d3
a6 9. Rb1 Rb8 10. h3 b5 11. b3 Ne8 12. Be3 Nd4 13. f4 e6 14. Qd2 f5 15. Kh2 Qc7
16. Ng1 Bd7 17. Nf3 Bc6 18. Ng5 h6 19. Nf3 Kh7 20. Nh4 Nf6 21. Bxd4 cxd4 22.
Ne2 Nd7 23. cxb5 axb5 24. Rbc1 Qb6 25. Rxc6 Qxc6 26. exf5 Qc5 27. Rc1 Qa7 28.
Nxg6 Rfc8 29. Rxc8 Rxc8 30. Ne7 Re8 31. fxe6 Rxe7 32. exd7 Qxd7 33. Be4+ Kh8
34. f5 d5 35. f6 Bxf6 36. Qxh6+ Kg8 37. Bf3 Bg7 38. Qg6 Re3 39. Bg4 Qf7 40.
Qxf7+ Kxf7 41. Nf4 Bh6 42. Nxd5 Rxd3 43. Bd7 Rd2+ 44. Kh1 Rxa2 45. Bxb5 Ke6 46.
Bc4 Ke5 47. Nb4 Rd2 48. Kg1 Ke4 49. Bd5+ Ke3 50. h4 Bf8 51. Nc6 Bd6 52. Na5
Rd1+ 53. Kg2 Rd2+ 54. Kh3 Kf2 55. Nc4 Rd3 56. Nxd6 Rxg3+ 57. Kh2 Rg6 58. Nc4 d3
59. Be4 Rg4 60. Bf5 Rxh4+ 61. Bh3 Rh6 62. Nd2 Rh8 63. Nc4 Rb8 64. Nd2 Ke2 65.
Ne4 Ke3 66. Nc3 Rxb3 67. Nd1+ Kf3 68. Be6 Rb5 69. Bd7 Rh5+ 70. Kg1 Rc5 71. Kf1
d2 72. Ba4 Re5 0-1

[Event "4NCL Division 1d"]
[Site "Telford, ENG"]
[Date "2017.05.01"]
[Round "11.68"]
[White "Varney, Zoe"]
[Black "Buttell, David"]
[Result "1-0"]
[WhiteElo "1976"]
[BlackElo "1758"]
[PlyCount "89"]
[EventDate "2017.05.01"]
[WhiteTeam "Oxford 1"]
[BlackTeam "Celtic Tigers "]

1. e4 c5 2. c3 d5 3. exd5 Qxd5 4. d4 Nc6 5. Nf3 Bg4 6. Be2 e6 7. h3 Bh5 8. O-O
Nf6 9. Be3 cxd4 10. cxd4 Bb4 11. Qa4 O-O 12. Rd1 a6 13. a3 b5 14. Qc2 Ba5 15.
b4 Bb6 16. Nc3 Qd6 17. d5 Bxe3 18. dxc6 Bxf2+ 19. Kxf2 Qxc6 20. Rac1 Rac8 21.
Bd3 Qb6+ 22. Kf1 Bxf3 23. gxf3 h6 24. Qb2 Qb8 25. Be4 Qg3 26. Qg2 Nxe4 27. Nxe4
Qxg2+ 28. Kxg2 a5 29. Nd6 Rxc1 30. Rxc1 axb4 31. axb4 Rb8 32. Rc8+ Rxc8 33.
Nxc8 Kf8 34. Kf2 e5 35. Ke3 f5 36. Nd6 g6 37. Nxb5 Ke7 38. Kd3 g5 39. Nc3 h5
40. Nd5+ Ke6 41. Ne3 g4 42. fxg4 fxg4 43. hxg4 hxg4 44. Nxg4 Kd5 45. Ne3+ 1-0

[Event "4NCL Division 1d"]
[Site "Telford, ENG"]
[Date "2017.05.01"]
[Round "11.73"]
[White "Kett, Tim"]
[Black "Moreby, James"]
[Result "1-0"]
[WhiteElo "2220"]
[BlackElo "2124"]
[PlyCount "91"]
[EventDate "2017.05.01"]
[WhiteTeam "South Wales Dragons"]
[BlackTeam "North East England"]

1. e4 e6 2. d4 d5 3. e5 c5 4. dxc5 Nd7 5. Nf3 Bxc5 6. Bd3 Ne7 7. O-O Nc6 8. Re1
Qb6 9. Qe2 Nd4 10. Nxd4 Bxd4 11. Nc3 Bxe5 12. Qh5 g6 13. Qh6 Qd6 14. Nb5 Qb8
15. Rxe5 Nxe5 16. Qg7 Rf8 17. Bh6 Nd7 18. Qc3 a6 19. Nc7+ Kd8 20. Bxf8 Nxf8 21.
Nxa8 Qxa8 22. h4 Qb8 23. Re1 Qc7 24. Qg7 Qe7 25. Qd4 Nd7 26. Qh8+ Qf8 27. Qd4
Qe7 28. h5 Qf6 29. Qb4 Qe7 30. Qd2 Kc7 31. c4 dxc4 32. Bxc4 Kb8 33. Qf4+ Ka7
34. hxg6 hxg6 35. Rc1 Nb6 36. Be2 e5 37. Qe3 Qe6 38. Bc4 Qf6 39. a4 Kb8 40.
Bxf7 Nxa4 41. Bxg6 Qxg6 42. Qxe5+ Ka7 43. Rxc8 Qb1+ 44. Kh2 Qh7+ 45. Kg3 Qg6+
46. Kf3 1-0

[Event "4NCL Division 1d"]
[Site "Telford, ENG"]
[Date "2017.05.01"]
[Round "11.76"]
[White "Henderson, David"]
[Black "James, David J"]
[Result "1/2-1/2"]
[WhiteElo "2086"]
[BlackElo "2125"]
[PlyCount "74"]
[EventDate "2017.05.01"]
[WhiteTeam "North East England"]
[BlackTeam "South Wales Dragons"]

1. e4 c5 2. c3 d5 3. exd5 Qxd5 4. d4 Nc6 5. Nf3 Bg4 6. Be2 cxd4 7. cxd4 e6 8.
Nc3 Qa5 9. h3 Bh5 10. d5 exd5 11. O-O Nf6 12. Nd4 Bg6 13. Bb5 Rc8 14. Re1+ Be7
15. Bf4 Qd8 16. Nxc6 bxc6 17. Ba6 Rc7 18. Bxc7 Qxc7 19. Qe2 Bf5 20. Rac1 Be6
21. a3 O-O 22. b4 c5 23. bxc5 Qxc5 24. a4 Qb4 25. Bb5 Bd6 26. Qf3 Bb8 27. Ne2
Ne4 28. Red1 Qd6 29. Ng3 Nxg3 30. fxg3 Qxg3 31. Qxg3 Bxg3 32. Bd3 Bf4 33. Rc2
Be3+ 34. Kf1 Bb6 35. Ra1 Bd4 36. Rd1 Bb6 37. Ra1 Bd4 1/2-1/2

[Event "4NCL Division 1d"]
[Site "Telford, ENG"]
[Date "2017.05.01"]
[Round "11.78"]
[White "Smith, Lynda"]
[Black "Wilson, Julie"]
[Result "1-0"]
[WhiteElo "1975"]
[BlackElo "1859"]
[PlyCount "99"]
[EventDate "2017.05.01"]
[WhiteTeam "North East England"]
[BlackTeam "South Wales Dragons"]

1. f4 Nf6 2. Nf3 e6 3. g3 b6 4. Bg2 Bb7 5. O-O Be7 6. d3 d5 7. Ne5 Nbd7 8. c4
O-O 9. Nc3 Qc8 10. cxd5 exd5 11. d4 c6 12. h3 Qc7 13. Bd2 Ne8 14. Rc1 Qd6 15.
Na4 f6 16. Nd3 f5 17. Ne5 Nef6 18. a3 Qe6 19. b4 Ne4 20. Be1 Rac8 21. Qb3 Ba6
22. Rc2 Ndf6 23. Nb2 Nh5 24. Bxe4 fxe4 25. Kh2 g5 26. f5 Rxf5 27. Rxf5 Qxf5 28.
Rxc6 Nf6 29. g4 Qf1 30. Rxc8+ Bxc8 31. Qd1 Bd6 32. Bg3 Qxd1 33. Nxd1 a6 34. Nc3
b5 35. Nc6 Bxg3+ 36. Kxg3 Kf7 37. a4 bxa4 38. Nxa4 Nd7 39. Nc5 Nxc5 40. dxc5
Ke6 41. Kf2 Kd7 42. Nd4 Bb7 43. Ke3 Bc6 44. Nxc6 Kxc6 45. Kd4 e3 46. Kxe3 a5
47. bxa5 Kxc5 48. a6 Kb6 49. Kd4 Kxa6 50. Kxd5 1-0

[Event "4NCL Division 1d"]
[Site "Telford, ENG"]
[Date "2017.05.01"]
[Round "11.81"]
[White "Guthrie, David"]
[Black "Taylor, Adam C"]
[Result "1/2-1/2"]
[WhiteElo "2163"]
[BlackElo "2260"]
[PlyCount "34"]
[EventDate "2017.05.01"]
[WhiteTeam "Kings Head"]
[BlackTeam "Anglian Avengers 1"]

1. d4 Nf6 2. c4 e6 3. Nf3 c5 4. d5 b5 5. dxe6 fxe6 6. cxb5 Be7 7. e3 O-O 8. Be2
d5 9. O-O Nbd7 10. Nbd2 a6 11. a4 axb5 12. Bxb5 Ba6 13. Bxa6 Rxa6 14. b3 e5 15.
e4 d4 16. Qe2 Qa8 17. Re1 Bd8 1/2-1/2

[Event "4NCL Division 1d"]
[Site "Telford, ENG"]
[Date "2017.05.01"]
[Round "11.82"]
[White "Plueg, Andreas"]
[Black "Kwiatkowski, Feliks J"]
[Result "0-1"]
[WhiteElo "2300"]
[BlackElo "2223"]
[PlyCount "102"]
[EventDate "2017.05.01"]
[WhiteTeam "Anglian Avengers 1"]
[BlackTeam "Kings Head"]

1. d4 Nf6 2. Nf3 g6 3. Bf4 Bg7 4. e3 d6 5. h3 Nbd7 6. Be2 O-O 7. O-O c5 8. Nbd2
b6 9. Bh2 Bb7 10. a4 a6 11. c3 Qc7 12. Re1 Ne4 13. Nxe4 Bxe4 14. Bf1 Qb7 15.
Nd2 Bc6 16. Nc4 d5 17. Na3 e5 18. b4 cxb4 19. cxb4 b5 20. a5 exd4 21. exd4 Rfe8
22. Qd2 Qa7 23. Nc2 Nf6 24. f3 Bd7 25. Rxe8+ Nxe8 26. Rd1 Bf8 27. Na1 Nd6 28.
Nb3 Nc4 29. Qc3 Re8 30. Nc5 Bc8 31. Bf4 Qa8 32. Qc1 Qc6 33. Bh6 Be7 34. Bg5 Bf8
35. h4 h5 36. Kf2 Bg7 37. Bh6 Bf6 38. g3 Bh8 39. Qf4 Bf6 40. Bd3 Nb2 41. Rd2
Nc4 42. Re2 Rxe2+ 43. Kxe2 Bh8 44. Bg5 Bg7 45. Be7 Qe8 46. Qc7 Bf6 47. Bxc4
dxc4 48. Kd2 Bxe7 49. d5 Bxc5 50. bxc5 c3+ 51. Kxc3 Qe3+ 0-1

[Event "4NCL Division 1d"]
[Site "Telford, ENG"]
[Date "2017.05.01"]
[Round "11.83"]
[White "Okike, David"]
[Black "Player, Edmund C"]
[Result "0-1"]
[WhiteElo "2199"]
[BlackElo "2237"]
[PlyCount "168"]
[EventDate "2017.05.01"]
[WhiteTeam "Kings Head"]
[BlackTeam "Anglian Avengers 1"]

1. e4 e6 2. d4 d5 3. Nc3 Nf6 4. e5 Nfd7 5. f4 c5 6. Nf3 Nc6 7. Be3 Be7 8. Qd2
O-O 9. Be2 b6 10. O-O f6 11. exf6 Bxf6 12. Rae1 Bb7 13. Nd1 cxd4 14. Nxd4 Nxd4
15. Bxd4 Bxd4+ 16. Qxd4 Nc5 17. Bg4 Qf6 18. Qe5 Rad8 19. Rf3 d4 20. Rf2 Bd5 21.
a3 Qxe5 22. Rxe5 d3 23. c3 Bb3 24. g3 Rfe8 25. Rd2 Rd6 26. Ne3 Red8 27. Bd1
Bxd1 28. Nxd1 Kf7 29. Re3 Nb3 30. Rf2 Na5 31. Re4 Kf6 32. Kg2 b5 33. a4 a6 34.
g4 Nc4 35. h4 h6 36. Kg3 Kf7 37. axb5 axb5 38. b3 Na5 39. Rb4 Rd5 40. Rd2 Rc5
41. Kf3 h5 42. g5 Nc6 43. Re4 b4 44. cxb4 Rc2 45. Ke3 Ne7 46. Re5 Nf5+ 47.
Rxf5+ exf5 48. Nf2 Rxd2 49. Kxd2 Ke6 50. Nxd3 Kd5 51. Nc5 Rb8 52. Kc3 Re8 53.
Kd3 Re1 54. Na6 Kc6 55. Nc5 Kd5 56. Na6 Rd1+ 57. Ke3 Kc6 58. Nc5 Kd6 59. Nd3
Kd5 60. b5 Rh1 61. b4 Rh3+ 62. Ke2 Rxh4 63. b6 Kc6 64. Ke3 Rh2 65. Nc5 Rh1 66.
b7 Re1+ 67. Kf3 Kc7 68. Kf2 Re8 69. g6 h4 70. Kg2 Re3 71. Kh2 Kb8 72. Kg2 Rg3+
73. Kh2 Rxg6 74. Kh3 Rg4 75. Ne6 Kxb7 76. Kh2 Kb6 77. Kh3 g6 78. Kh2 Kb5 79.
Nd4+ Kxb4 80. Nc6+ Kc5 81. Ne5 Rg3 82. Nd7+ Kd4 83. Nf6 Ke3 84. Nd5+ Ke4 0-1

[Event "4NCL Division 1d"]
[Site "Telford, ENG"]
[Date "2017.05.01"]
[Round "11.84"]
[White "Oyama, Akito"]
[Black "Mackenzie, Colin"]
[Result "1-0"]
[WhiteElo "2275"]
[BlackElo "2095"]
[PlyCount "87"]
[EventDate "2017.05.01"]
[WhiteTeam "Anglian Avengers 1"]
[BlackTeam "Kings Head"]

1. d4 e6 2. e4 d5 3. Nc3 Bb4 4. Nge2 dxe4 5. a3 Bxc3+ 6. Nxc3 Nc6 7. d5 exd5 8.
Qxd5 Be6 9. Qxe4 Nf6 10. Qh4 Qd4 11. Bg5 Qxh4 12. Bxh4 O-O 13. O-O-O Nd7 14.
Nb5 Rfc8 15. Bg3 Nce5 16. Re1 a6 17. Nd4 Ng6 18. Nxe6 fxe6 19. Rxe6 b5 20. Re3
Nb6 21. Bd3 Nf8 22. Bf5 Re8 23. Rxe8 Rxe8 24. Bxc7 Nd5 25. Bg3 b4 26. axb4 g6
27. Bd3 Nxb4 28. Bc4+ Kg7 29. c3 Rc8 30. b3 Nc6 31. Bxa6 Ra8 32. Bd3 Nd7 33.
Kb2 Nc5 34. Bb5 Rc8 35. Re1 Kf6 36. b4 Ne6 37. Bxc6 Rxc6 38. Kb3 g5 39. Be5+
Kf5 40. c4 h5 41. c5 Rc8 42. Kc4 h4 43. Bd6 Nd8 44. Re8 1-0

[Event "4NCL Division 1d"]
[Site "Telford, ENG"]
[Date "2017.05.01"]
[Round "11.87"]
[White "Gilfillan, Andrew"]
[Black "Talsma, Paul"]
[Result "1/2-1/2"]
[WhiteElo "2072"]
[BlackElo "2200"]
[PlyCount "81"]
[EventDate "2017.05.01"]
[WhiteTeam "Kings Head"]
[BlackTeam "Anglian Avengers 1"]

1. e4 e5 2. Nf3 Nc6 3. Bc4 Nf6 4. d3 h6 5. O-O d6 6. c3 g6 7. d4 exd4 8. cxd4
Bg7 9. Nc3 O-O 10. Re1 Bg4 11. Be2 Re8 12. h3 Bd7 13. Bf1 a6 14. a3 b5 15. b4
Nh7 16. Be3 g5 17. Rc1 Nf8 18. g3 Ng6 19. Bg2 Rc8 20. Nh2 a5 21. Nxb5 axb4 22.
a4 Na5 23. Qd3 Bf8 24. Bd2 c6 25. Nxd6 Bxd6 26. e5 Bf8 27. f4 gxf4 28. gxf4 f5
29. Ng4 Be6 30. Nf6+ Kh8 31. Qg3 Bf7 32. d5 Be7 33. Nxe8 Bxe8 34. Qd3 cxd5 35.
Qxf5 Nc4 36. Bxd5 Qxd5 37. Qxc8 Nxd2 38. Qxe8+ Kg7 39. e6 Nf3+ 40. Kf1 Nd2+ 41.
Kg1 1/2-1/2